000 00511nam a22001817a 4500
005 20251108170125.0
008 250721s1987 xx 000 0 ara d
082 1 4 _aط/ق/نوس
100 1 _aنوسوف، نيقولاي
245 1 0 _aحادثة /
264 1 _aموسكو :
_bدار رادوغا،
_c1987.
300 _a16ص
490 0 _aحكايات الجاهل ؛ 10
650 1 7 _aقصص الأطفال
700 1 _aفرمان، غائب طعمة
_eترجمة
942 _2ddc
_cBK
999 _c40308
_d40308